000 00744nam a2200217 i 4500
001 bg
100 1 _aPETERSEN, Donald.
245 1 0 _aPraca zespołowa :
_bnowe pomysły zarządzania na lata 90... : doświadczenia i koncepcje zarządzania koncernem Forda /
_cDonald Petersen [i] John Hillkirk ; z ang. przeł. Barbara Koodziejczyk.
260 _aWarszawa :
_bWydawnictwa Naukowo-Techniczne,
_c1993.
300 _a141, [1] s. ;
_c25 cm.
490 1 _aLudzie Wielkiego Biznesu
700 1 _aHILLKIRK, John.
830 _aLudzie Wielkiego Biznesu
020 _a8320415934
040 _cBPK
041 _apol
080 _a658.1/.5:66/69:629.113(73)
920 _a83-204-1593-4
942 _cKS
008 s pl f |000 0 pol
999 _c6042
_d6042
856 _uhttp://koha.tu.koszalin.pl/cgi-bin/koha/opac-detail.pl?biblionumber=6042
_yKatalog online BPK